| 000 | 00430pab a2200157 454500 | ||
|---|---|---|---|
| 008 | 180718b1988 xxu||||| |||| 00| 0 eng d | ||
| 100 | _aKaminaski, Bartlomiej | ||
| 245 | _aEconomic Rationale for Eastern Europe's Third World Policy | ||
| 260 | _c1988 | ||
| 300 | _a15-27 | ||
| 362 | _aMar.-Apr. | ||
| 650 | _aInternational Economic Relations | ||
| 700 | _aRobert W. Janes | ||
| 773 | _aProblems of Communism | ||
| 909 | _a11236 | ||
| 999 |
_c11236 _d11236 |
||